000 01287nam1a2200325 i 4500
001 RU\NLR\BIBL_A\010352016
005 20241225210727.0
021 _aRU
_b2013-73746
_95057
035 _a(NLR Aleph) 010352016
090 _a10749676
_c10749676
100 _a20131026g20139999u||y0rusy50 ca
101 1 _arus
_ceng
102 _aRU
105 _a||||z |||||
200 1 _aЖизнь и учение Мастеров Дальнего Востока
_fБэрд Сполдинг
_g[пер. с англ. В. Нугатова]
210 _aМосква
_cСофия
_d2013
215 _d21
300 _aЗагл. и авт. ориг.: Life and teaching of the Masters of the Far East / by Baird T. Spalding
454 0 _12001#$aLife and teaching of the masters of the Far East$fby Baird T. Spalding
_1700#1$aSpalding$bB.T.$gBaird T$4070
_tLife and teaching of the masters of the Far East
_aSpalding, Baird T
606 1 _aЭзотерические учения
_91568890
_3RU\NLR\AUTH\66986948
686 2 _aЭ391,0
700 1 _aСполдинг
_bБ.Т.
_gБэрд Т
_4070
801 0 _aRU
_bNLR
_c20131021
_gRCR
801 1 _aRU
_bNLR
_c20131021
852 _aNLR
_j2013-3/31915
942 _cBOOK
980 _aNBR